000 00857nac a22002291u 4500
008 100905t1998 enka frb 001 0 eng d
020 _a0471969389
020 _a9780471969389
040 _aEG-ScBUE
_beng
_cEG-ScBUE
_dEG-ScBUE
082 0 4 _a622.338
_bPET
_222
245 0 0 _aPetroleum well construction /
_c[editors] Michael J. Economides, Larry T. Watters, Shari Dunn-Norman.
260 _aChichester ;
_aNew York :
_bJohn Wiley,
_cc.1998.
300 _axviii, 622 p. :
_bill. ;
_c29 cm.
504 _aIncludes bibliographical references and index.
650 7 _aOil wells
_xDesign and construction.
_917955
_2BUEsh
651 _2BUEsh
653 _bENGPET
_cSeptember2017
700 1 _aWatters, Larry T.
_917957
_eeditor.
700 1 _aDunn-Norman, Shari,
_917958
_eeditor.
700 1 _aEconomides, Michael J.,
_eeditor.
_917956
942 _cBB
_k622.338ECO
_2ddc
999 _c2095
_d2095